Imroz : Muhabat da Lok geet jehno naan di Lor nahi / (Record no. 526480)
[ view plain ]
| 000 -LEADER | |
|---|---|
| fixed length control field | 00620nam a22001817a 4500 |
| 003 - CONTROL NUMBER IDENTIFIER | |
| control field | NUST |
| 020 ## - INTERNATIONAL STANDARD BOOK NUMBER | |
| International Standard Book Number | 978-969-593-112-7 |
| Qualifying information | HBK |
| 038 ## - RECORD CONTENT LICENSOR | |
| Staff Name | Faiza |
| 082 ## - DEWEY DECIMAL CLASSIFICATION NUMBER | |
| Classification number | 891.42 |
| Author Mark | SAL |
| 100 ## - MAIN ENTRY--PERSONAL NAME | |
| Personal name | Pasha, Saleem |
| 9 (RLIN) | 17488 |
| 245 ## - TITLE STATEMENT | |
| Title | Imroz : Muhabat da Lok geet jehno naan di Lor nahi / |
| Statement of responsibility, etc. | Saleem Pasha |
| 260 ## - PUBLICATION, DISTRIBUTION, ETC. | |
| Place of publication, distribution, etc. | Lahore : |
| Name of publisher, distributor, etc. | Sanjh Publications, |
| Date of publication, distribution, etc. | 2013. |
| 300 ## - PHYSICAL DESCRIPTION | |
| Extent | 103p. ; |
| 880 ## - ALTERNATE GRAPHIC REPRESENTATION | |
| Linkage | 100-01\r |
| Title | سلیم پاشا |
| 880 ## - ALTERNATE GRAPHIC REPRESENTATION | |
| Linkage | 245-02\r |
| Title | اِمروز : محبت دا لوک گیت جنہوں ناں دی لوڑ نہیں / |
| 880 ## - ALTERNATE GRAPHIC REPRESENTATION | |
| Linkage | 260-03\r |
| Title | لاہور : |
| b | سانجھ پبلیکیشنز, |
| c | ۲۰۱۳. |
| 942 ## - ADDED ENTRY ELEMENTS (KOHA) | |
| Source of classification or shelving scheme | |
| Koha item type | Book |
| Withdrawn status | Lost status | Source of classification or shelving scheme | Damaged status | Not for loan | Permanent Location | Current Location | Date acquired | Total Checkouts | Full call number | Barcode | Date last seen | Price effective from | Koha item type |
|---|---|---|---|---|---|---|---|---|---|---|---|---|---|
| Central Library (CL) | Central Library (CL) | 07/12/2019 | 891.42 SAL | CL-E-140 | 07/12/2019 | 07/12/2019 | Book |
